书目信息 |
| 题名: |
绿叶菜病虫害诊断与防治图谱
|
|
| 作者: | 商鸿生 , 王凤葵 编著 | |
| 分册: | ||
| 出版信息: | 北京 金盾出版社 2015 |
|
| 页数: | 240页 | |
| 开本: | 20cm | |
| 丛书名: | ||
| 单 册: | ||
| 中图分类: | S436.36 | |
| 科图分类: | ||
| 主题词: | 绿叶蔬菜--病虫害防治--图集 | |
| 电子资源: | ||
| ISBN: | 978-7-5082-8754-6 | |
| 000 | 00936nam0 2200241 450 | |
| 001 | 012015000058 | |
| 005 | 20151130093825.43 | |
| 010 | @a978-7-5082-8754-6@dCNY32.00 | |
| 100 | @a20150601d2015 em y0chiy50 ea | |
| 101 | 0 | @achi |
| 102 | @aCN@b110000 | |
| 105 | @aa z 000yy | |
| 106 | @ar | |
| 200 | 1 | @a绿叶菜病虫害诊断与防治图谱@Alv ye cai bing chong hai zhen duan yu fang zhi tu pu@f商鸿生,王凤葵编著 |
| 210 | @a北京@c金盾出版社@d2015 | |
| 215 | @a240页@d20cm | |
| 330 | @a本书以彩色照片配合文字辅助说明的方式,对绿叶菜类蔬菜种植过程中常见的病虫害进行讲解,分为绿叶菜病害及防治和绿叶菜害虫及防治。书中选录207张照片,分别从症状、发生特点、形态特征、流行规律和防治方法等几个方面辅助讲解,便于识别。 | |
| 606 | 0 | @a绿叶蔬菜@x病虫害防治@j图集 |
| 690 | @aS436.36@v5 | |
| 701 | 0 | @a商鸿生@Ashang hong sheng@4编著 |
| 701 | 0 | @a王凤葵@Awang feng kui@4编著 |
| 801 | 0 | @aCN@b碧洲教育@c20151127 |
| 905 | @a10447@f4@dS436.36@e113 | |
| 绿叶菜病虫害诊断与防治图谱/商鸿生,王凤葵编著.-北京:金盾出版社,2015 |
| 240页;20cm |
| ISBN 978-7-5082-8754-6:CNY32.00 |
| 本书以彩色照片配合文字辅助说明的方式,对绿叶菜类蔬菜种植过程中常见的病虫害进行讲解,分为绿叶菜病害及防治和绿叶菜害虫及防治。书中选录207张照片,分别从症状、发生特点、形态特征、流行规律和防治方法等几个方面辅助讲解,便于识别。 |
| ● |
| 相关链接 |
|
|
|
|
正题名:绿叶菜病虫害诊断与防治图谱
索取号:S436.36/113
 
预约/预借
| 序号 | 登录号 | 条形码 | 馆藏地/架位号 | 状态 | 备注 |
| 1 | 0871770 | 208717708 | 第二样本阅览室/ [索取号:S436.36/113] | 在馆 | |
| 2 | 0871771 | 208717717 | 第三借阅区/ [索取号:S436.36/113] | 在馆 | |
| 3 | 0871772 | 208717726 | 第三借阅区/ [索取号:S436.36/113] | 在馆 | |
| 4 | 0871773 | 208717735 | 第三借阅区/ [索取号:S436.36/113] | 在馆 |